000 00416nmm a2200157Ia 4500
008 251105s9999||||xx |||||||||||||||||und||
041 _aspa
100 _aAnderson, Natalie
245 0 _aAmante en la oficina
264 _a[Madrid, España] :
_bHarlequin,
_c2012
300 _a160 páginas
490 _aDeseo
650 _aErotic novel
856 _uhttps://public.digitaliapublishing.com/a/50230
942 _cCF
999 _c99000
_d99000